[Event "4th Chessfestival Gredine 2018"]
[Site "Ortisei"]
[Date "2018.06.18"]
[Round "3.6"]
[White "Kindermann, Stefan"]
[Black "Borgo, Giulio"]
[Result "1-0"]
[WhiteElo "2506"]
[BlackElo "2397"]
[Annotator "TA"]
[PlyCount "76"]
[EventDate "2018.06.16"]
[EventType "swiss"]
[EventCountry "ITA"]
[SourceTitle "playchess.com"]
[Source "ChessBase"]
[SourceQuality "1"]

{[%evp 9,76,0,29,31,39,34,41,37,25,39,46,25,19,14,47,-1,2,-1,8,2,4,-2,14,8,0,0,-10,-19,0,-14,-16,-27,-27,-33,0,-10,0,0,21,9,19,19,28,16,25,0,83,76,89,81,120,81,96,85,168,92,147,100,236,208,202,165,172,175,294,225,212,210,218]} 1. e4 e6 2. Qe2 c5 3. g3 d5 4. d3 Nf6 5. Bg2 g6 6. f4 {C00: French: Unusual White 2nd moves} Bg7 7. Nf3 O-O 8. O-O {White is slightly better.} Nc6 9. e5 Nd7 10. c4 f6 11. exf6 Nxf6 12. Nc3 Nd4 13. Qd1 Nxf3+ 14. Qxf3 {[%cal Rc4d5]} Bd7 15. Qe2 Re8 16. Bd2 Bc6 17. Rad1 Qd6 18. Rfe1 Rad8 19. Bc1 a6 20. Bf3 b5 21. Qg2 Rc8 22. b3 Red8 23. Bb2 Kf7 24. Qe2 Re8 25. Nb1 Nd7 26. Bxg7 Kxg7 27. Nd2 Qf8 (27... e5 $11) 28. Bg4 $16 Qf6 29. Nf3 (29. Bxe6 Re7 $17) 29... Rcd8 30. Qf2 dxc4 31. dxc4 Bxf3 (31... bxc4 $16 32. bxc4 Bxf3 33. Bxf3 (33. Qxf3 Qb2 $16) 33... e5) 32. Qxf3 ({White should play} 32. Bxf3 $18 {Black must now prevent Bc6.} bxc4 33. bxc4) 32... Nf8 ({Better is} 32... bxc4 33. bxc4 Qb2) 33. Qb7+ Kh6 (33... Re7 $16 34. Qxa6 Rxd1 35. Rxd1 bxc4) 34. Qxa6 b4 35. Qa7 Rxd1 36. Rxd1 e5 (36... Qe7 {was worth a try.} 37. Qxe7 Rxe7) 37. Qxc5 {Threatens to win with Re1.} exf4 38. Qd4 Re1+ {Precision: White = 60%, Black = 39%.} 1-0

[Event "4th Chessfestival Gredine 2018"]
[Site "Ortisei"]
[Date "2018.06.18"]
[Round "3.7"]
[White "Saric, Ivan"]
[Black "Curien, Nicolas"]
[Result "1-0"]
[WhiteElo "2685"]
[BlackElo "2204"]
[Annotator "TA"]
[PlyCount "91"]
[EventDate "2018.06.16"]
[EventType "swiss"]
[EventCountry "ITA"]
[SourceTitle "playchess.com"]
[Source "ChessBase"]
[SourceQuality "1"]

{[%evp 28,91,31,17,27,5,19,14,10,-28,-31,-29,-15,-20,-25,-23,0,0,0,0,6,-8,0,-13,0,0,0,0,0,0,0,0,0,0,0,0,0,0,0,0,0,-121,-107,-110,-89,-80,-20,-20,-8,-8,8,8,8,0,644,617,576,553,2312,1600,1622,1108,12794,12165,29984,29985]} 1. e4 e6 2. d4 d5 3. Nc3 Bb4 4. e5 c5 5. a3 Bxc3+ 6. bxc3 Ne7 7. Qg4 cxd4 8. Qxg7 Rg8 9. Qxh7 Qc7 10. Ne2 dxc3 11. f4 Bd7 {C18: French: 3 Nc3 Bb4: Main line: 7 h4 and 7 Qg4} 12. Qd3 Na6 13. Qxc3 Qxc3+ 14. Nxc3 Rc8 15. Bd2 {LiveBook: 5 Games} Nf5 16. Kf2 Nc5 $1 17. Bd3 $1 Bc6 {Hoping for ...d4.} 18. Rhe1 d4 19. Ne4 Bxe4 20. Rxe4 Nxe4+ 21. Bxe4 Ne3 22. Bxe3 dxe3+ 23. Kxe3 $11 {[%mdl 4096] Endgame KRR-KRB} Ke7 24. Kf3 Rh8 25. h3 $1 b5 26. Bd3 Rc5 27. Rb1 a6 28. Rb4 f6 29. exf6+ Kxf6 30. Rd4 Rd5 31. Rxd5 exd5 {KR-KB} 32. Ke3 Ke6 33. Be2 Kd6 34. Kd4 (34. Bd3 $1 $11) 34... Re8 {[%mdl 1024] Black has strong compensation.} 35. Bd3 Re1 $1 36. Kc3 Kc5 (36... Ra1 $17) 37. f5 {[%cal Bf4f5,Bf5f6][%mdl 32]} a5 {[%cal Ba6a5,Ba5b4][%mdl 32]} 38. g4 {[%cal Bg2g4,Bg4g5,Bg5g6,Bg6g7][%mdl 32]} b4+ 39. axb4+ axb4+ 40. Kb2 {Black should prevent f6.} Rh1 $2 {[%mdl 8192] [#]} (40... Kd6 $11) 41. f6 $1 $18 {[%cal Rf6f7] f7 is the strong threat.} Kd6 {[#]} 42. Bf5 $1 b3 {intending ...bxc2.} 43. g5 bxc2 44. Kxc2 Ra1 45. g6 Ra8 46. g7 {Precision: White = 76%, Black = 42%.} 1-0

[Event "4th Chessfestival Gredine 2018"]
[Site "Ortisei"]
[Date "2018.06.18"]
[Round "3.8"]
[White "Kveinys, Aloyzas"]
[Black "Vaishali R"]
[Result "1-0"]
[WhiteElo "2519"]
[BlackElo "2310"]
[Annotator "TA"]
[PlyCount "37"]
[EventDate "2018.06.16"]
[EventType "swiss"]
[EventCountry "ITA"]
[SourceTitle "playchess.com"]
[Source "ChessBase"]
[SourceQuality "1"]

{[%evp 15,37,51,48,34,32,43,139,122,120,127,150,151,140,142,209,232,360,350,338,318,330,356,602,599]} 1. d4 d5 2. c4 Nc6 3. Nc3 Nf6 4. cxd5 Nxd5 5. Nf3 g6 6. e4 {D07: Queen's Gambit: Chigorin Defence} Nxc3 7. bxc3 Bg7 8. Be2 O-O {LiveBook: 4 Games} 9. Bg5 Na5 10. Qd2 f5 (10... b6 $14) 11. e5 $16 Be6 12. h4 Nc4 13. Qf4 h5 14. Bh6 Bd5 {[#]} (14... Na3 $16) 15. Rh3 $1 $18 Bf7 (15... Qd7 {was worth a try.} 16. Rg3 Qc6) 16. Rg3 {Hoping for Bxc4.} Qd5 17. Bxg7 Kxg7 18. Ng5 Rh8 $2 {[#]} (18... Nb6 19. Bxh5 Rh8) 19. e6 {Precision: White = 88%, Black = 35%.} 1-0

[Event "4th Chessfestival Gredine 2018"]
[Site "Ortisei"]
[Date "2018.06.18"]
[Round "3.9"]
[White "Wiesinger, Robert"]
[Black "Pruijssers, Roeland"]
[Result "0-1"]
[WhiteElo "2199"]
[BlackElo "2514"]
[Annotator "TA"]
[PlyCount "73"]
[EventDate "2018.06.16"]
[EventType "swiss"]
[EventCountry "ITA"]
[SourceTitle "playchess.com"]
[Source "ChessBase"]
[SourceQuality "1"]

{[%evp 20,73,2,-12,17,-18,0,-30,-18,-13,28,18,44,0,12,0,35,58,29,28,30,-26,0,-19,-19,-22,-26,-31,0,-372,-31,-56,-52,-597,-619,-630,-626,-612,-623,-611,-597,-612,-608,-619,-601,-559,-575,-568,-553,-487,-465,-855,-763,-1108,-1053,-29989]} 1. e4 e5 2. Nf3 Nc6 3. d4 exd4 4. Nxd4 Nf6 5. Nxc6 bxc6 6. e5 Qe7 7. Qe2 Nd5 8. c4 Nb6 9. Nc3 Qe6 10. Qe4 g6 {C45: Scotch Game} 11. f4 {LiveBook: 58 Games} Bc5 12. Bd2 (12. Be3 $5 {[%cal Re3c5]} f5 13. Qd3 Bxe3 14. Qxe3 $11) 12... a5 {[%cal Ba7a5,Ba5a4][%mdl 32] The position is equal.} 13. Bd3 Ba6 {[%cal Ra6c4]} 14. b3 a4 15. Rf1 Qe7 16. Kd1 O-O {White must now prevent ...axb3.} 17. Kc2 d5 18. exd6 $1 (18. cxd5 Bxd3+ 19. Qxd3 Rfd8 $17) 18... Qxd6 19. f5 Bd4 20. Bf4 (20. fxg6 $142 hxg6 21. Bf4) 20... Qc5 {Threatens to win with ...Bxc3.} (20... Qd7 {is interesting.} 21. Be5 c5 22. Qf4 Bb7 23. Bxd4 cxd4 24. Ne2 Qe7) 21. b4 (21. Bxc7 axb3+ 22. axb3 Nd5 $1 $17 {[%mdl 512]}) (21. Bd2 {keeps more tension.} Qd6) 21... Qxb4 22. Qxd4 {Hoping for Bh6.} Bxc4 23. Bxc4 Nxc4 {[%cal Bb6c4,Bc4a3,Ba3c2][%mdl 32]} 24. Bxc7 $2 {[%mdl 8192]} (24. fxg6 $1 $11 fxg6 25. Bxc7 (25. Bh6 $2 Na3+ 26. Kd3 Rfd8 $19)) 24... Rac8 $2 (24... c5 $19 25. Qf6 Ne3+ 26. Kd2 Nd5) 25. fxg6 hxg6 26. Qf4 $2 {[%mdl 8192] [#]} ({Wrong is} 26. Bd6 $2 c5 $19) (26. Rf4 $15 Na3+ 27. Kd3 Qxd4+ 28. Rxd4 Rxc7 29. Rc1) 26... Rxc7 $1 $19 {[%mdl 512] Black is clearly winning.} 27. Qxc7 Na3+ 28. Kd3 Qc4+ 29. Ke3 {Qe5 is the strong threat.} Qxc3+ 30. Kf2 Nc2 {[%csl Gc2][%cal Rc3e3]} 31. Rae1 Qc5+ 32. Kg3 {With the idea Qe5.} Nxe1 33. Rxe1 Qa3+ 34. Kf2 {If White can now play Re2 this consolidates a bit.} Qxa2+ 35. Kg1 (35. Re2 $142 Qc4 36. Re3) 35... Qd2 {[%cal Rd2e1]} 36. Qe7 {[#]} a3 $1 37. Ra1 {Precision: White = 19%, Black = 50%.} (37. Qxa3 Qxe1#) 0-1

[Event "4th Chessfestival Gredine 2018"]
[Site "Ortisei"]
[Date "2018.06.18"]
[Round "3.10"]
[White "Sonis, Francesco"]
[Black "Hoffmann, Sebastian"]
[Result "1-0"]
[WhiteElo "2448"]
[BlackElo "2105"]
[Annotator "TA"]
[PlyCount "67"]
[EventDate "2018.06.16"]
[EventType "swiss"]
[EventCountry "ITA"]
[SourceTitle "playchess.com"]
[Source "ChessBase"]
[SourceQuality "1"]

{[%evp 19,67,15,51,29,77,67,73,57,73,77,70,51,62,26,62,44,75,0,0,0,0,0,0,-7,-9,-16,0,0,0,0,0,0,0,0,201,73,286,286,286,286,285,280,272,280,355,354,355,339,511,511]} 1. d4 d5 2. c4 c6 3. Nf3 Nf6 4. e3 Bg4 5. h3 Bxf3 6. Qxf3 e6 7. Nc3 Be7 {D11: Slav Defence: 3 Nf3 sidelines and 3...Nf6 4 e3 Bg4} 8. Bd3 O-O 9. O-O Nbd7 10. Rd1 Qc7 {LiveBook: 3 Games} 11. b3 dxc4 12. bxc4 e5 13. Bb2 exd4 14. exd4 Rad8 15. Rac1 Rfe8 16. Ne2 Qb8 17. Ng3 Bf8 18. d5 (18. Bc2 $16) 18... cxd5 $11 19. cxd5 Ne5 20. Qf5 {Hoping for Nh5.} Rxd5 21. Nh5 Nxd3 22. Nxf6+ gxf6 23. Qxd5 Nxb2 24. Rd4 Qe5 25. Rg4+ Bg7 26. Qd7 $1 $40 {[%mdl 128] White has some attack.} h6 $2 {[#]} (26... h5 $1 $11 {and Black stays safe.} 27. Rg3 Qe2) 27. Rg3 (27. Rc3 $1 $18 {[%cal Rc3g3][%mdl 512] And now Rcg3 would win.} Qe1+ (27... Qxc3 28. Qxe8+) 28. Kh2) 27... Qe6 $2 (27... Rf8 $16 {was worth a try.}) 28. Qd2 $1 $18 {[%cal Rd2h6]} Qe5 {[#] ...f5 would now be nice for Black.} 29. Re3 $1 {[%cal Re3e5]} ({Wrong is} 29. Qxh6 $2 {[#]} Qxg3 $1 {[%mdl 512]} 30. Qd2 Qe5 $19) 29... Qb5 30. Rxe8+ Qxe8 31. Qxb2 Qd7 32. Qc2 Qd5 33. Rd1 Qa5 (33... Qe6 $142 34. Rd8+ Bf8) 34. Qc8+ {Precision: White = 53%, Black = 47%.} 1-0

[Event "4th Chessfestival Gredine 2018"]
[Site "Ortisei"]
[Date "2018.06.18"]
[Round "3.11"]
[White "Herzog, Adolf"]
[Black "Schnelzer, Reinhold"]
[Result "1-0"]
[WhiteElo "2344"]
[BlackElo "2182"]
[Annotator "NA"]
[PlyCount "129"]
[EventDate "2018.06.16"]
[EventType "swiss"]
[EventCountry "ITA"]
[SourceTitle "playchess.com"]
[Source "ChessBase"]
[SourceQuality "1"]
[TimeControl "40/5400+30:1800+30"]

1. e4 {[%emt 0:00:30]} d5 {[%emt 0:01:00]} 2. exd5 {[%emt 0:00:00]} Qxd5 {[%emt 0:00:00]} 3. Nc3 {[%emt 0:00:00]} Qd6 {[%emt 0:00:00]} 4. d4 {[%emt 0:00:30]} Nf6 {[%emt 0:00:30]} 5. Nf3 {[%emt 0:00:00]} c6 {[%emt 0:00:00] LiveBook: 1003 Games} 6. Ne5 {[%emt 0:00:00]} Nbd7 {[%emt 0:00:00] B01: Scandinavian Defence} 7. f4 {[%emt 0:00:30]} g6 {[%emt 0:00:30]} 8. Bc4 {[%emt 0:09:30]} e6 {[%emt 0:01:30]} 9. O-O {[%emt 0:00:30]} Bg7 {[%emt 0:03:30]} 10. a4 {[%emt 0:07:30]} O-O {[%emt 0:02:30]} 11. a5 $146 {[%emt 0:12:30]} ({Predecessor:} 11. b3 Qc7 12. Ba3 Re8 13. Qf3 Nb6 14. Bd3 {0-1 (38) Svetushkin,D (2576)-Kasparov,S (2503) Vrachati 2011}) 11... Rb8 {[%emt 0:04:30]} 12. Kh1 {[%emt 0:05:30]} b5 {[%emt 0:08:30]} (12... Qc7 $11 {keeps the balance.}) 13. axb6 {[%emt 0:04:30]} axb6 {[%emt 0:03:30]} 14. Qe2 {[%emt 0:02:30]} b5 {[%emt 0:06:30]} 15. Bb3 {[%emt 0:00:30]} b4 {[%emt 0:17:30]} 16. Nd1 {[%emt 0:07:30]} c5 {[%emt 0:02:30]} 17. f5 {[%emt 0:10:30]} gxf5 {[%emt 0:09:30]} 18. Bf4 {[%emt 0:05:30]} Nd5 {[%emt 0:02:30]} 19. Bxd5 {[%emt 0:00:30]} Qxd5 {[%emt 0:02:30]} 20. c4 {[%emt 0:09:30]} bxc3 {[%emt 0:07:30]} 21. Nxc3 {[%emt 0:00:30]} Qb7 {[%emt 0:00:30]} 22. Nxd7 {[%emt 0:00:30]} Bxd7 {[%emt 0:00:30]} 23. Bxb8 {[%emt 0:02:30] [%clk 0:13.08]} Rxb8 {[%emt 0:16:10]} 24. dxc5 {[%emt 0:07:32]} Bc6 {[%emt 0:00:30]} 25. Rfd1 {[%emt 0:00:57]} Bf6 {[%emt 0:00:30]} 26. h3 {[%emt 0:00:59]} Kh8 {[%emt 0:00:30]} 27. Rg1 {[%emt 0:00:36]} Rg8 {[%emt 0:00:30]} 28. Rad1 {[%emt 0:00:34]} Qb4 {[%emt 0:00:30]} 29. Rd2 {[%emt 0:02:22]} Be7 {[%emt 0:04:03]} 30. Qe3 {[%emt 0:01:24]} Qh4 {[%emt 0:00:08]} 31. Rd3 {[%emt 0:04:27]} Rg6 {[%emt 0:02:05]} 32. b4 {[%emt 0:01:04]} Qxb4 {[%emt 0:01:04]} 33. Qe5+ {[%emt 0:01:05]} Bf6 {[%emt 0:00:29]} 34. Qd6 {[%emt 0:01:07]} Qb7 {[%emt 0:00:52]} 35. Ne2 {[%emt 0:01:07]} Be4 {[%emt 0:01:20]} 36. Rg3 {[%emt 0:01:07]} Kg7 {[%emt 0:00:42]} 37. Nf4 {[%emt 0:01:08]} Rxg3 {[%emt 0:01:15]} 38. Nh5+ {[%emt 0:00:02]} Kh6 {[%emt 0:00:34]} 39. Nxg3 {[%emt 0:00:07]} Kg6 {[%emt 0:02:02]} 40. Nxe4 {[%emt 0:00:33]} Qxe4 {[%emt 0:30:30]} 41. Qg3+ {[%emt 0:30:23]} Kh6 {[%emt 0:00:32]} 42. Qf3 {[%emt 0:00:00]} Qc4 {[%emt 0:00:00]} 43. c6 {[%emt 0:00:00]} Be5 $2 {[%emt 0:00:00]} (43... Bg5 44. Rd1 Qc5) 44. g4 {[%emt 0:00:00]} f4 {[%emt 0:00:00]} 45. Re1 {[%emt 0:00:00]} Bc7 {[%emt 0:00:00]} 46. h4 {[%emt 0:00:00]} e5 {[%emt 0:00:00]} 47. Kg2 {[%emt 0:00:00]} Kg7 {[%emt 0:00:00]} 48. g5 {[%emt 0:00:00]} h6 $11 {[%emt 0:00:00]} 49. Kh2 {[%emt 0:00:00]} e4 {[%emt 0:00:00]} 50. gxh6+ {[%emt 0:00:00]} Kxh6 {[%emt 0:00:00]} 51. Qxe4 {[%emt 0:00:00]} Qc3 {[%emt 0:00:00]} 52. Kg1 {[%emt 0:00:00]} Qg3+ {[%emt 0:00:00]} 53. Kf1 {[%emt 0:00:05]} f3 {[%emt 0:00:00]} 54. Qe3+ {[%emt 0:02:01]} Bf4 {[%emt 0:03:50]} 55. Qg1 {[%emt 0:01:32]} Qh3+ {[%emt 0:00:37]} 56. Kf2 {[%emt 0:00:47]} Qxh4+ {[%emt 0:01:24]} 57. Kxf3 {[%emt 0:00:27]} Bh2 {[%emt 0:00:45]} 58. Qe3+ {[%emt 0:00:58]} Kg7 {[%emt 0:00:29]} 59. Qe4 {[%emt 0:00:46]} Qf6+ {[%emt 0:00:59]} 60. Kg2 {[%emt 0:00:29]} Bf4 {[%emt 0:00:26]} 61. Rf1 {[%emt 0:01:19]} Qg5+ {[%emt 0:00:57]} 62. Kf3 {[%emt 0:00:15]} Qg3+ {[%emt 0:00:39]} 63. Ke2 {[%emt 0:00:05]} Qg4+ {[%emt 0:01:01]} 64. Kd3 {[%emt 0:00:18]} Qh3+ {[%emt 0:00:48]} 65. Rf3 {[%emt 0:00:06]} 1-0

[Event "4th Chessfestival Gredine 2018"]
[Site "Ortisei"]
[Date "2018.06.18"]
[Round "3.12"]
[White "Hansson, Hakan"]
[Black "Bertagnolli, Alexander"]
[Result "0-1"]
[WhiteElo "1978"]
[BlackElo "2398"]
[Annotator "NA"]
[PlyCount "56"]
[EventDate "2018.06.16"]
[EventType "swiss"]
[EventCountry "ITA"]
[SourceTitle "playchess.com"]
[Source "ChessBase"]
[SourceQuality "1"]
[TimeControl "40/5400+30:1800+30"]

1. d4 {[%emt 0:00:30]} Nf6 {[%emt 0:01:00]} 2. Nf3 {[%emt 0:00:30]} d5 {[%emt 0:00:00]} 3. c4 {[%emt 0:01:30]} e6 {[%emt 0:00:00]} 4. Nc3 {[%emt 0:01:30]} Bb4 {[%emt 0:00:30]} 5. Qb3 {[%emt 0:06:30]} c5 {[%emt 0:06:30]} 6. cxd5 {[%emt 0:08:30] LiveBook: 39 Games} exd5 {[%emt 0:03:30]} 7. e3 {[%emt 0:07:30]} Nc6 {[%emt 0:02:30]} 8. Bb5 {[%emt 0:15:30]} O-O {[%emt 0:03:30]} 9. O-O {[%emt 0:10:30]} c4 {[%emt 0:01:30]} 10. Qd1 {[%emt 0:09:30]} Bg4 $15 {[%emt 0:09:30]} 11. Bxc6 {[%emt 0:10:30]} bxc6 {[%emt 0:01:30]} 12. Bd2 {[%emt 0:01:30]} Qc8 {[%emt 0:01:30]} 13. Qe2 {[%emt 0:08:34]} Rb8 {[%emt 0:03:30]} 14. Rfc1 {[%emt 0:03:47]} Qf5 {[%emt 0:05:30]} 15. Kf1 {[%emt 0:01:13]} Ne4 {[%emt 0:02:30]} 16. Nxe4 {[%emt 0:01:19]} dxe4 {[%emt 0:03:30]} 17. Bxb4 {[%emt 0:00:08]} Rxb4 {[%emt 0:00:30]} 18. Qd2 {[%emt 0:00:07]} Qb5 {[%emt 0:00:00]} 19. a4 {[%emt 0:01:08]} Rxa4 {[%emt 0:00:00]} 20. Rxa4 {[%emt 0:06:37]} c3+ {[%emt 0:01:30]} 21. Qe2 {[%emt 0:00:07]} cxb2 {[%emt 0:00:30]} 22. Rb1 {[%emt 0:00:19]} Qxa4 {[%emt 0:00:00]} 23. Qxb2 {[%emt 0:00:54]} exf3 {[%emt 0:00:00]} 24. h3 {[%emt 0:01:10]} Bf5 {[%emt 0:00:30]} 25. Ra1 {[%emt 0:00:14]} Qb5+ {[%emt 0:00:30]} 26. Qxb5 {[%emt 0:00:25]} fxg2+ {[%emt 0:00:30]} 27. Kxg2 {[%emt 0:00:09]} cxb5 {[%emt 0:00:30]} 28. Rxa7 {[%emt 0:00:13]} Rb8 {[%emt 0:00:00]} 0-1

[Event "4th Chessfestival Gredine 2018"]
[Site "Ortisei"]
[Date "2018.06.18"]
[Round "3.13"]
[White "Bosbach, Gerhard"]
[Black "Volkov, Dmitriy"]
[Result "0-1"]
[WhiteElo "2161"]
[BlackElo "2334"]
[Annotator "ChessBase"]
[PlyCount "76"]
[EventDate "2018.06.16"]
[EventType "swiss"]
[EventCountry "ITA"]
[SourceTitle "playchess.com"]
[Source "ChessBase"]
[SourceQuality "1"]
[TimeControl "40/5400+30:1800+30"]

1. d4 {[%emt 0:00:30] 6} Nf6 {[%emt 0:01:00] 6} 2. c4 {[%emt 0:00:00] 6} g6 {[%emt 0:00:00]} 3. Nc3 {[%emt 0:00:00]} Bg7 {[%emt 0:00:00]} 4. e4 {[%emt 0:00:00]} d6 {[%emt 0:00:00]} 5. Be2 {[%emt 0:00:00]} O-O {[%emt 0:00:00]} 6. Bg5 {[%emt 0:00:30]} Na6 {[%emt 0:00:00]} 7. Qd2 {[%emt 0:01:30]} e5 {[%emt 0:03:00]} 8. d5 {[%emt 0:04:30]} Qe8 {[%emt 0:05:30]} 9. Bh6 {[%emt 0:07:30]} Nc5 {[%emt 0:00:00]} 10. Bxg7 {[%emt 0:03:30]} Kxg7 {[%emt 0:00:00]} 11. f3 {[%emt 0:03:30]} a5 {[%emt 0:03:30]} 12. h4 {[%emt 0:06:30]} Qe7 {[%emt 0:08:30]} 13. Bd3 {[%emt 0:06:30]} Bd7 {[%emt 0:14:30]} 14. Nge2 {[%emt 0:04:30]} c6 {[%emt 0:05:30]} 15. Bc2 {[%emt 0:11:30]} cxd5 {[%emt 0:00:30]} 16. cxd5 {[%emt 0:03:30]} b5 {[%emt 0:00:30]} 17. h5 {[%emt 0:01:30]} b4 {[%emt 0:18:30]} 18. Nd1 {[%emt 0:06:30]} Ng8 {[%emt 0:01:30]} 19. hxg6 {[%emt 0:06:30]} fxg6 {[%emt 0:00:30]} 20. Nf2 {[%emt 0:01:30]} Bb5 {[%emt 0:02:30]} 21. Nd3 {[%emt 0:05:30]} Bxd3 {[%emt 0:06:30]} 22. Bxd3 {[%emt 0:00:30]} Rf7 {[%emt 0:02:30]} 23. O-O-O {[%emt 0:05:30] [%clk 0:14.50]} Nxd3+ {[%emt 0:17:26]} 24. Qxd3 {[%emt 0:05:46]} Qg5+ {[%emt 0:00:19]} 25. Kb1 {[%emt 0:00:48]} Qxg2 {[%emt 0:00:30]} 26. f4 {[%emt 0:00:44]} exf4 {[%emt 0:00:30]} 27. Nd4 {[%emt 0:00:39]} Nf6 {[%emt 0:00:45]} 28. Nf5+ {[%emt 0:00:01]} Kf8 {[%emt 0:04:54]} 29. Nxd6 {[%emt 0:00:42]} Rd7 {[%emt 0:00:07]} 30. e5 {[%emt 0:01:04]} Ng4 {[%emt 0:02:21]} 31. Rhf1 {[%emt 0:02:23]} Nxe5 {[%emt 0:00:57]} 32. Rxf4+ {[%emt 0:00:37]} Kg8 {[%emt 0:00:04]} 33. Qe3 {[%emt 0:01:06]} Rxd6 {[%emt 0:00:48]} 34. Qxe5 {[%emt 0:00:09]} Rad8 {[%emt 0:00:52]} 35. Qe7 {[%emt 0:05:19]} Rc8 {[%emt 0:00:18]} 36. Qf7+ {[%emt 0:02:15]} Kh8 {[%emt 0:00:02]} 37. Rf2 {[%emt 0:00:14]} Qe4+ {[%emt 0:00:08]} 38. Ka1 {[%emt 0:00:53]} Qxd5 {[%emt 0:00:03]} 0-1

[Event "4th Chessfestival Gredine 2018"]
[Site "Ortisei"]
[Date "2018.06.18"]
[Round "3.14"]
[White "Sarkar, Justin"]
[Black "Voltolini, Giuseppe"]
[Result "1-0"]
[WhiteElo "2297"]
[BlackElo "2150"]
[Annotator "NA"]
[PlyCount "71"]
[EventDate "2018.06.16"]
[EventType "swiss"]
[EventCountry "ITA"]
[SourceTitle "playchess.com"]
[Source "ChessBase"]
[SourceQuality "1"]
[TimeControl "40/5400+30:1800+30"]

1. d4 {[%emt 0:02:30]} Nf6 {[%emt 0:01:00]} 2. c4 {[%emt 0:00:30]} e6 {[%emt 0:00:30]} 3. Nf3 {[%emt 0:01:30]} c5 {[%emt 0:00:30]} 4. e3 {[%emt 0:01:30]} d5 {[%emt 0:01:30]} 5. Nc3 {[%emt 0:01:30]} a6 {[%emt 0:01:30]} 6. dxc5 {[%emt 0:01:30]} Bxc5 {[%emt 0:03:30]} 7. a3 {[%emt 0:00:30] LiveBook: 96 Games} O-O {[%emt 0:01:30]} 8. b4 {[%emt 0:00:30]} Be7 {[%emt 0:11:30]} 9. Bb2 {[%emt 0:03:30]} dxc4 {[%emt 0:01:30]} 10. Bxc4 {[%emt 0:01:30]} b5 {[%emt 0:00:30]} 11. Bd3 {[%emt 0:03:30]} Bb7 {[%emt 0:01:30]} 12. O-O {[%emt 0:00:30]} Nbd7 {[%emt 0:01:30]} 13. e4 {[%emt 0:02:30] D48: Semi-Slav: Meran System: 7...b5 8 Bd3 a6} (13. Qe2 Bxf3 14. gxf3 Ne5 15. Rfd1 Nxd3 16. Rxd3 Qc7 17. Ne4 Nxe4 18. fxe4 Rfd8 19. Rc1 Qb7 20. Qg4 Bf8 {½-½ (42) Zhukova,N (2438)-Ibarra Jerez,J (2577) Caleta 2018}) 13... Rc8 {[%emt 0:04:30]} 14. Qe2 {[%emt 0:07:30]} Qc7 {[%emt 0:09:30]} 15. Rfc1 $146 {[%emt 0:12:30]} ({Predecessor:} 15. Rac1 Qb8 16. Nb1 Ng4 17. Nbd2 Bd6 {0-1 (70) Tokranovs,D (2325)-Westerberg,J (2469) Pardubice 2017}) 15... Qb8 {[%emt 0:03:30]} 16. h3 $15 {[%emt 0:12:30]} Rfd8 {[%emt 0:05:30]} 17. Qe3 {[%emt 0:11:30]} Bd6 {[%emt 0:08:30]} 18. Ne2 {[%emt 0:00:30]} Ne5 {[%emt 0:01:30]} 19. Nxe5 {[%emt 0:00:30]} Bxe5 {[%emt 0:00:30]} 20. Bxe5 {[%emt 0:00:30]} Qxe5 {[%emt 0:00:30]} 21. f4 {[%emt 0:00:30]} Qb2 {[%emt 0:04:30]} 22. Rcb1 {[%emt 0:01:30]} Rxd3 {[%emt 0:04:30]} 23. Qxd3 {[%emt 0:00:30]} Bxe4 {[%emt 0:00:30]} 24. Rxb2 {[%emt 0:02:30]} Bxd3 {[%emt 0:00:30]} 25. Rc1 {[%emt 0:00:30]} Bc4 {[%emt 0:00:30]} 26. Nc3 {[%emt 0:01:30]} h5 {[%emt 0:01:30]} 27. Rd2 {[%emt 0:02:30]} Bd5 {[%emt 0:04:30]} 28. Ne2 {[%emt 0:02:30]} Bc4 {[%emt 0:00:30]} 29. Rd6 {[%emt 0:03:30]} Ra8 {[%emt 0:01:30] [%clk 0:16.15]} 30. Nd4 {[%emt 0:12:32]} Ne4 {[%emt 0:10:15]} 31. Rb6 {[%emt 0:00:42]} Rd8 {[%emt 0:00:30]} 32. Nc6 {[%emt 0:00:37]} Rd2 {[%emt 0:00:30]} 33. Ne5 {[%emt 0:00:34]} h4 {[%emt 0:00:30]} 34. Nxc4 {[%emt 0:02:15]} bxc4 {[%emt 0:00:10]} 35. Rxa6 {[%emt 0:00:33]} c3 {[%emt 0:09:38]} 36. Rc6 {[%emt 0:00:16]} 1-0